| 000 | 00660nam a2200229 a 4500 | ||
|---|---|---|---|
| 001 | BRCA_3956 | ||
| 005 | 20190320204505.0 | ||
| 008 | 130110s1956----gw-a######---#000-0#ger-# | ||
| 041 | _ager | ||
| 044 | _agw | ||
| 050 | 4 |
_aND588.B8 _b.B34 1956 |
|
| 100 | 1 |
_aBalzer, Hans _d1832-1908 _910285 |
|
| 245 | 1 | 0 |
_aWilhelm Buschs Spruchweisheiten _cHans Balzer ; mit 75 Zeichnungen von Wilhelm Busch. |
| 260 |
_aFrankfurt, Alemania _bNest _c1956 |
||
| 300 |
_a271 p. _bil. _c17 cm. |
||
| 500 | _aCDE20 | ||
| 600 | 1 | 4 |
_aBusch, Wilhelm _d1832-1908 _910286 |
| 650 | 1 | 4 |
_aPintores alemanes _9797 |
| 650 | 1 | 4 |
_aDibujantes alemanes _910287 |
| 902 | _aGFM | ||
| 942 |
_2lcc _cB |
||
| 999 |
_c3683 _d3683 |
||